000
00350nam a2200145Ia 4500
008
231217s9999 xx 000 0 und d
041
_a
English
082
_a
793.73 TOW4
100
_a
Townsend, Charles Barry
245
0
_a
World's greatest puzzles
260
_c
1995
_b
New Delhi : Orient,
300
_a
127
650
_a
Puzzles
942
_c
AA
999
_c
167187
_d
167187